00905pab a2200181 454500008004000000100002200040245006900062260000900131300001300140362001000153520034600163650002800509650002000537773003400557909001000591999001700601952010500618180718b2000 xxu||||| |||| 00| 0 eng d aPanchamukhi, P.R. aSocial impact of economic reforms in India: a critical appraisal c2000 ap.836-47 a4 Mar aFocusing on the impact of economic reforms on the social sector in India by comparing the data of the pre-reform period and the reform period, the paper notices a declining trend in the budgetary allocations of both the central and state governments for various sub-sectors of the social sector, especially health and education. - Reproduced aEconomic reform - India aEconomic reform aEconomic and Political Weekly a44075 c44075d44075 00104070aIIPAbIIPAd2018-07-19hVolume no: 35, Issue no: 10pAR44482r2018-07-19w2018-07-19yAR